| 000 | 00000nam##2200000za#4500 |
| 001 | 9.570691 |
| 003 | CaOODSP |
| 005 | 20210624182350 |
| 007 | cr ||||||||||| |
| 008 | 150406|2006||||xxc|||||o f|0| 0 eng|d |
| 022 | |a1919-5087 |
| 040 | |aCaOODSP|beng |
| 043 | |an-cn--- |
| 086 | 1 |aFs70-6/2006-032E-PDF |
| 110 | 1 |aCanada. |bDepartment of Fisheries and Oceans. |bMaritimes Region. |
| 245 | 10|aAssessment of Georges Bank scallops (placopecten magellanicus) |h[electronic resource] |
| 246 | 1 |aMaritimes region - Georges Bank scallops |
| 260 | |aDartmouth - Nova Scotia : |bFisheries and Oceans Canada. |cJune 2006 (Revised: May 2008). |
| 300 | |a11p.|bgraphs, illus., maps (some coloured), references, tables |
| 490 | 1 |aCanadian Science Advisory Secretariat science advisory report |x1919-5087|v2006/032, Maritimes Region |
| 590 | |a11-15-Supp|b2011-08-22 |
| 775 | 08|tÉvaluation du pétoncle du banc Georges (placopecten magellanicus) |w(CaOODSP)9.601339 |
| 830 | #0|aScience advisory report (Canadian Science Advisory Secretariat)|x1919-5087|v2006/032, Maritimes Region|w(CaOODSP)9.506226 |
| 856 | 40|ahttp://publications.gc.ca|qPDF|s330 KB|uhttps://publications.gc.ca/collections/collection_2011/mpo-dfo/Fs70-6-2006-032-eng.pdf|y2006/032, Maritimes Region |